000 00239nam a2200097 a 4500
005 20201002060835.0
008 181009s2004 000 spa d
245 0 _aCántico espiritual.
260 _aSanto Domingo,
_c[s.f.].
999 _c47463
_d47463
040 _aDO-SdBNP